000 00639nam a22001937a 4500
005 20140901163915.0
010 _aENG-108750
020 _c125.00
_a9788192397979
035 _aEN-92283
037 _bDBAD/PUB
082 _a320.8095414
245 _aDevelopment and decentralization :
_cedited by Debasis Mahapatra [and] Utpal Kumar Utthasani
_bthe West Bengal experience /
260 _aKolkata
_bProgressive Publishers
_c2013
270 _a37A, College Street
_bKolkata
_e73
300 _a151p.
_c22cm(pbk)
700 _aMahapatra, Debasis
700 _aUtthasani, Uptal Kumar
942 _2ddc
_cEN
_mDEV
_h320.8095414
999 _c81089
_d81089